000 01199nam a22004217a 4500
001 0043434
003 KOHA_MİRAKIL
005 20260207003348.0
007 ta
008 130730b2012 tu |||gr||||#||||0|tur |
020 _a9786051333083
040 _aTR-BiSEU
_btur
_cTR-BiSEU
_erda
041 0 _atur
044 _ctu
050 _aHD59
_b.S25 2012
100 1 _aSaklı, Ali Rıza .
245 1 _aStratejik kurumsal yönetişim/
_cAli Rıza Saklı ; Ali Rıza Saklı .
250 _a1. Basım
264 1 _aAnkara :
_bNobel
_c2012
300 _aXVI, 283 sayfa ;
_c23 cm.
336 _ametin
_btxt
_2rdacontent
337 _aaracısız
_bn
_2rdamedia
338 _acilt
_bnc
_2rdacarrier
490 1 _aYayın ;
_vNu.
490 1 _a406.
490 1 _aİktisadi- İdari Bilimler ;
_vNu.
490 1 _a79.
500 _aKaynakça var.
650 0 _aStratejik planlama.
_95288
650 0 _aYönetsel yöntem--Türkiye.
_980954
650 0 _aKamu yönetimi--Türkiye.
_97809
650 0 _aKamu yönetimi.
_94578
830 1 _aYayın ;
_vNu.
_91557
830 1 _a406.
_980955
830 1 _aİktisadi- İdari Bilimler ;
_vNu.
_976913
830 1 _a79.
_97849
942 _2lcc
_cBK
999 _c43254
_d43254